| 000 | 00445nam a2200169Ia 4500 | ||
|---|---|---|---|
| 008 | 230917s9999||||xx |||||||||||||| ||und|| | ||
| 020 | _cUSD54.99 | ||
| 040 |
_e230195 _aMAIN |
||
| 041 | _aEnglish | ||
| 082 | _a005.54 W15M | ||
| 100 | _aWalkenbach, John | ||
| 245 | 0 | _aMicrosoft Excel 2016: Bible | |
| 260 |
_aIndianpolis _bWiley _c2016 |
||
| 300 | _axiv, 1106 p. | ||
| 500 | _a2244 08/01/2016 PBA15/705 08/01/2016 Main Budget | ||
| 942 | _cBK | ||
| 999 |
_c17253 _d17253 |
||